Wyróżniki województw 1976-1998 - Statystyki

Ogólne statystyki
  • Ten quiz został rozwiązany 31 razy
  • Średni wynik to 29 z 49
Statystyki odpowiedzi
Wyróżnik Województwo % Poprawnych
BY, BG, BD, BC Bydgoskie
88%
KA, KT, KB, KC, KD, KX Katowickie
88%
PO, PN, PZ, PW Poznańskie
88%
GD, GK, GA, GN Gdańskie
85%
OP, OE, OD Opolskie
85%
WA, WS, WI, WU, WG, WF, WX, WZ, WM, WT, WP, WV Warszawskie
85%
BK, BT, BI Białostockie
81%
OL, ON, OT Olsztyńskie
81%
WR, WO, WC, WW Wrocławskie
81%
LD, LZ, LF, LW Łódzkie
77%
LU, LL, LB Lubelskie
77%
RZ, RE, RW Rzeszowskie
77%
SZ, SC, SM Szczecińskie
77%
PL, PC, PB Płockie
73%
TO, TU, TY Toruńskie
73%
GO, GW, GR Gorzowskie
69%
KL, KZ, KP Kaliskie
69%
KR, KK, KW, KV Krakowskie
69%
RA, RO, RD Radomskie
69%
KI, KE, KJ Kieleckie
65%
KO, KG, KY Koszalińskie
65%
ZG, ZE, ZN Zielonogórskie
65%
JG, JE, JA Jeleniogórskie
62%
EL, EG, EB Elbląskie
58%
BB, BL, BO Bielskie
54%
CZ, CE, CO Częstochowskie
54%
KN, KM, KF Konińskie
54%
LG, LC, LI Legnickie
54%
NS, NO, NA Nowosądeckie
50%
SU, SW, SO Suwalskie
50%
TA, TN, TW Tarnowskie
50%
ZA, ZM, ZC Zamojskie
50%
OS, OK, OR Ostrołęckie
46%
PI, PA, PY Pilskie
46%
CH, CM, CU Chełmskie
42%
SL, SP, SG Słupskie
42%
WB, WY, WH Wałbrzyskie
42%
CI, CN, CA Ciechanowskie
38%
LO, LM, LA Łomżyńskie
38%
SI, SA, SB Sieradzkie
38%
TG, TB, TE Tarnobrzeskie
38%
WL, WK, WE Włocławskie
38%
BP, BA, BS Bialskopodlaskie
35%
SE, SD, ST Siedleckie
35%
SK, SN, SF Skierniewickie
35%
KS, KU, KH Krośnieńskie
31%
LE, LS, LN Leszczyńskie
31%
PR, PM, PE Przemyskie
31%
PT, PK, PU Piotrkowskie
27%
Nie znaleziono quizów pasujących do podanych kryteriów
Rozkład punktacji
Procent ludzi z każdym wynikiem
Percentyl według liczby udzielonych odpowiedzi
Twoja historia wyników
Nie rozwiązałeś tego quizu